000 00519nam a2200229Ia 4500
003 OSt
005 20221007082600.0
006 a|||||r|||| 00| 0
007 ta
008 221006b |||||||| |||| 00| 0 eng d
024 _a21,178
037 _cTextual
040 _aFLL
_cFLL
_beng
041 _2eng
_aeng
082 _aZQ2, N8
100 _aMayne
_9687022
245 0 _aHindu law of uses
250 _a14th
260 _c1998
942 _hZQ2, N8
_cTEXL
_2CC
999 _c1166946
_d1166946